Movies Quiz

Random Movies or Young Adult Quiz

Harry Potter Films With No Characters Quiz Stats

 Plays Quiz not verified by Sporcle

Score 0/40 Timer 05:00
17 Plays Today
% Correct
Harry Potter and the Chamber of Secrets
80.7%
Harry Potter and the Philosopher's (Sorcerer's) Stone
79.5%
Harry Potter and the Philosopher's (Sorcerer's) Stone
78%
Harry Potter and the Goblet of Fire
77.9%
Harry Potter and the Chamber of Secrets
76.9%
Harry Potter and the Goblet of Fire
76.4%
Harry Potter and the Goblet of Fire
76.4%
Harry Potter and the Order of the Phoenix
73.6%
Harry Potter and the Goblet of Fire
73.6%
Harry Potter and the Prisoner of Azkaban
73.2%
Harry Potter and the Philosopher's (Sorcerer's) Stone
73%
Harry Potter and the Half-Blood Prince
71.6%
Harry Potter and the Deathly Hallows Part 2
70%
Harry Potter and the Prisoner of Azkaban
68.3%
Harry Potter and the Philosopher's (Sorcerer's) Stone
67.9%
Harry Potter and the Order of the Phoenix
66.9%
Harry Potter and the Deathly Hallows Part 1
65.7%
Harry Potter and the Deathly Hallows Part 2
64.6%
Harry Potter and the Chamber of Secrets
64.5%
Harry Potter and the Goblet of Fire
64.3%
% Correct
Harry Potter and the Deathly Hallows Part 2
59.6%
Harry Potter and the Philosopher's (Sorcerer's) Stone
58.2%
Harry Potter and the Deathly Hallows Part 1
57%
Harry Potter and the Prisoner of Azkaban
56.4%
Harry Potter and the Deathly Hallows Part 1
55.6%
Harry Potter and the Chamber of Secrets
55.1%
Harry Potter and the Prisoner of Azkaban
50.7%
Harry Potter and the Deathly Hallows Part 2
50.5%
Harry Potter and the Deathly Hallows Part 1
46.8%
Harry Potter and the Half-Blood Prince
46.7%
Harry Potter and the Half-Blood Prince
45.6%
Harry Potter and the Order of the Phoenix
40.8%
Harry Potter and the Deathly Hallows Part 2
39.5%
Harry Potter and the Half-Blood Prince
39%
Harry Potter and the Half-Blood Prince
36.9%
Harry Potter and the Order of the Phoenix
36.3%
Harry Potter and the Chamber of Secrets
28.9%
Harry Potter and the Order of the Phoenix
25.9%
Harry Potter and the Prisoner of Azkaban
21.1%
Harry Potter and the Deathly Hallows Part 1
12.9%

You're not logged in!

Compare scores with friends on all Sporcle quizzes.
OR
Log In

You Might Also Like...

Show Comments

Extras

Top Quizzes Today


Score Distribution

Your Account Isn't Verified!

In order to create a playlist on Sporcle, you need to verify the email address you used during registration. Go to your Sporcle Settings to finish the process.

Report this User

Report this user for behavior that violates our Community Guidelines.

Details: